| 000 | 00642na a2200217 4500 | ||
|---|---|---|---|
| 001 | 19067 | ||
| 003 | MIRAKIL | ||
| 005 | 20181213155002.0 | ||
| 008 | 161208b tu 000 0 | ||
| 020 | _a9753892179 | ||
| 040 |
_aMilas _btur _cTR-AnCHP |
||
| 041 | _atur | ||
| 082 |
_a370.9561 _bT96 1996 |
||
| 090 | _a370.9561 T96 1996 | ||
| 245 |
_aTürk eğitim sistemi alternatif perspektif (özet) _chazırlayanlar Süleyman Hayri Bolay...[ve öte.] |
||
| 260 |
_aAnkara _bTürkiye Diyanet Vakfı _c1996 |
||
| 300 |
_a136 s. _c19 sm. |
||
| 650 |
_aEğitim ve öğretim _zTürkiye |
||
| 700 | _aHayri Bolay, Süleyman | ||
| 942 |
_2ddc _cBKS |
||
| 999 |
_c4324 _d4324 |
||